Interpolation of linear operators /

Guardado en:
Autor Principal: Krein, S. G. 1917-
Otros Autores: Petunin, IUrii Ivanovich., Semenov, E. M.
Formato: Libro
Idioma:English
Russian
Publicado: Providence, R.I. : American Mathematical Society, 1982.
Series:Translations of mathematical monographs ; v. 54
Materias:
Etiquetas: Agregar Etiqueta
Sin Etiquetas, Sea el primero en etiquetar este registro!
LEADER 01016cam a2200277 a 4500
001 MAT.inmabb006194
008 811123s1982####riu######b####001#0#eng##
005 20130306174906.0
245 1 0 |a Interpolation of linear operators /  |c by S.G. Krein, Ju.I. Petunin, E.M. Semenov. 
260 |a Providence, R.I. :  |b American Mathematical Society,  |c 1982. 
300 |a vii, 375 p. ;  |c 24 cm. 
440 0 |a Translations of mathematical monographs ;  |v v. 54 
500 |a Traducción de: Interpoliatsiia lineinykh operatorov. 
504 |a Incluye referencias bibliográficas e índices. 
510 4 |a MR,  |c 84j:46103 
020 |a 0821845047  |z 0821845057 
100 1 |a Krein, S. G.  |q (Selim Grigor'evich),  |d 1917- 
240 1 0 |a Interpoliatsiia lineinykh operatorov.  |l Inglés 
700 1 |a Petunin, IUrii Ivanovich. 
700 1 |a Semenov, E. M. 
650 0 |a Linear operators. 
084 |a 46M35 (46Exx)  |2 msc2000 
010 |a  81020637  
040 |a DLC  |c DLC  |d DLC 
041 1 |a eng  |h rus 
859 |h 46  |i K92  |p A-5977  |b BIB. MATEMATICA